<A> contribution on the empirics of trade, integration and economic growth for Australia and Canada

Saved in:
Bibliographic Details
Main Author: Bodman, Philip M.
Format: Book
Language:English
Published: Brisbane The University of Queensland 1995
Series:Discussion papers No. 166
Subjects:
Tags: Add Tag
No Tags, Be the first to tag this record!

MARC

LEADER 00000nam a2200000 4500
001 c110307
005 20250512105315.1
022 |a 1033-4661 
041 0 |a eng 
044 |a AU 
245 1 0 |a <A> contribution on the empirics of trade, integration and economic growth for Australia and Canada  |c Philip M. Bodman 
264 1 |a Brisbane  |b The University of Queensland  |c 1995 
300 |a 25 s. 
490 1 |a Discussion papers  |v No. 166 
830 0 |a Discussion papers  |v No. 166 
610 2 0 |a obchod 
610 2 0 |a integrácia 
610 2 0 |a rast hospodársky 
610 2 0 |a rady časové 
610 2 0 |a produktivita 
610 2 0 |a štatistika 
610 2 0 |a testy 
610 2 0 |a hypotézy štatistické 
610 2 0 |a odhad štatistický 
610 2 0 |a modely 
610 2 0 |a Austrália 
610 2 0 |a Kanada 
100 1 |a Bodman, Philip M.